The Constitution of india/ (Record no. 181529)

MARC details
000 -LEADER
fixed length control field 00708nam a22001937a 4500
005 - DATE AND TIME OF LATEST TRANSACTION
control field 20220217125816.0
010 ## - LCCN (DPL NO)
LC control number ENG-129945
020 ## - INTERNATIONAL STANDARD BOOK NUMBER
Terms of availability 405.00
International Standard Book Number 9 789388 548861
035 ## - SYSTEM CONTROL NUMBER
System control number EN-113477
037 ## - SOURCE OF ACQUISITION
Source of stock number/acquisition DBAD/PUB
082 ## - DEWEY DECIMAL CLASSIFICATION NUMBER
Classification number 342.54029
100 ## - MAIN ENTRY--PERSONAL NAME
Personal name BASU
245 ## - TITLE STATEMENT
Title The Constitution of india/
Statement of responsibility, etc by Durga Das Basu
250 ## - EDITION STATEMENT
Edition statement 24th Edition
260 ## - PUBLICATION, DISTRIBUTION, ETC. (IMPRINT)
Name of publisher, distributor, etc Lexis Nexis publication
Place of publication, distribution, etc 14th floor,Building No 10, Tower-B,DLF Cyber City, Phase-11,Gurgoan-122002,Haryana,India.
Date of publication, distribution, etc 2020
270 ## - ADDRESS
City Haryana, India
Address 14th floor,Building No 10, Tower-B,DLF Cyber City, Phase-11,Gurgoan-122002,Haryana,India.
300 ## - PHYSICAL DESCRIPTION
Extent 556pg
Dimensions 24cm
942 ## - ADDED ENTRY ELEMENTS (KOHA)
Source of classification or shelving scheme Dewey Decimal Classification
Item type English Books
Classification part 342.54029
Call number suffix BAS
Edition 24th Edition
Holdings
Withdrawn status Lost status Not for loan Collection code Home library Current library Date acquired Source of acquisition Cost, normal purchase price Full call number Barcode Copy number Cost, replacement price Koha item type
      Fiction Ashok Vihar Ashok Vihar 17/09/2021 D.B.A.DIVISION/PUB 405.00 342.54029 BAS EN-113477 1 405.00 English Books

© Delhi Public Library
Hit Counter
free hit counter